[Event "ZMDI-Open 2013"]
[Site "Dresden"]
[Date "2013.08.11"]
[Round "2"]
[White "Rudolf, M."]
[Black "Zahn, A."]
[Result "1-0"]
[WhiteElo "2108"]
[BlackElo "1985"]
[PlyCount "81"]
[EventDate "2013.??.??"]

1. e4 e5 2. Nf3 Nc6 3. d4 exd4 4. Nxd4 Bc5 5. Nb3 Bb6 6. Nc3 Qf6 7. Qe2 Nge7 8.
Be3 O-O 9. O-O-O d6 10. Kb1 Be6 11. Qd2 Rfe8 12. Bb5 Bxe3 13. Qxe3 a6 14. Bd3
Ng6 15. Rhe1 Re7 16. g3 Nge5 17. f4 Nc4 18. Bxc4 Bxc4 19. Nd2 Be6 20. f5 d5 21.
Qf4 d4 22. Nd5 Bxd5 23. exd5 Ne5 24. Ne4 Qb6 25. f6 Nc4 26. b3 Na3+ 27. Kb2
Nc4+ 28. Ka1 Rxe4 29. Qxe4 Ne3 30. Kb1 c5 31. dxc6 Qxc6 32. Qxc6 bxc6 33. Rxd4
Nd5 34. fxg7 Kxg7 35. c4 Nf6 36. Rd6 Rc8 37. Re2 Rc7 38. Kc2 Rc8 39. Kc3 Ne8
40. Rd7 Nf6 41. Ra7 1-0

[Event "ZMDI-Open 2013"]
[Site "Dresden"]
[Date "2013.08.11"]
[Round "2"]
[White "Stock, A."]
[Black "Heinemann, J."]
[Result "1/2-1/2"]
[WhiteElo "2107"]
[BlackElo "2003"]
[PlyCount "87"]
[EventDate "2013.??.??"]

1. c4 Nf6 2. Nc3 d5 3. cxd5 Nxd5 4. g3 g6 5. Bg2 Nb6 6. Nf3 Bg7 7. O-O Nc6 8.
d3 O-O 9. Be3 e5 10. Qc1 Nd4 11. Bh6 Nxf3+ 12. Bxf3 c6 13. Bxg7 Kxg7 14. b4 Qd4
15. b5 Bg4 16. Bxg4 Qxg4 17. bxc6 bxc6 18. f4 Nd5 19. Nxd5 cxd5 20. Qb2 Rfe8
21. Rae1 Qe6 22. Qd2 exf4 23. Rxf4 Qe3+ 24. Qxe3 Rxe3 25. Rd4 Re5 26. Kf2 Rae8
27. Rb4 R8e7 28. Rb2 h5 29. a4 h4 30. Rb4 hxg3+ 31. hxg3 Rh5 32. Kf3 Rh2 33.
Rd4 Re5 34. e4 Ra2 35. Rxd5 Rxd5 36. exd5 Rxa4 37. Re7 Kf6 38. Rd7 Rd4 39. Ke3
Ra4 40. Rb7 Ke5 41. d6 Kxd6 42. Rxf7 Ke6 43. Rc7 Kf5 44. Kf3 1/2-1/2

[Event "ZMDI-Open 2013"]
[Site "Dresden"]
[Date "2013.08.11"]
[Round "2"]
[White "Ditmas, H."]
[Black "Schellmann, F."]
[Result "0-1"]
[WhiteElo "1997"]
[BlackElo "2121"]
[PlyCount "59"]
[EventDate "2013.??.??"]

1. d4 f5 2. Nc3 Nf6 3. Bg5 d5 4. Bxf6 exf6 5. e3 Be6 6. h4 Nc6 7. Nh3 Qd7 8.
Nf4 Bf7 9. Be2 Ne7 10. h5 Nc8 11. Qd2 Nb6 12. O-O-O O-O-O 13. Kb1 Kb8 14. Rdg1
Bb4 15. a3 Bd6 16. g4 Bxf4 17. exf4 fxg4 18. Bxg4 Nc4 19. Qc1 Qc6 20. Nd1 Qb6
21. b3 Nd6 22. Qd2 g6 23. Bf3 Nb5 24. hxg6 Bxg6 25. f5 Bxf5 26. Ne3 Nxd4 27.
Bxd5 Rxd5 28. Nxd5 Qxb3+ 29. Kc1 Qxa3+ 30. Kd1 0-1

[Event "ZMDI-Open 2013"]
[Site "Dresden"]
[Date "2013.08.11"]
[Round "2"]
[White "Herbrig, T."]
[Black "Hecht, C."]
[Result "1/2-1/2"]
[WhiteElo "1921"]
[BlackElo "2087"]
[PlyCount "68"]
[EventDate "2013.??.??"]

1. Nf3 Nf6 2. d4 g6 3. c3 Bg7 4. Bg5 d5 5. e3 Nbd7 6. Bd3 O-O 7. Nbd2 b6 8. O-O
Bb7 9. a4 c5 10. Re1 Ne4 11. Bh4 Re8 12. Bxe4 dxe4 13. Ng5 e5 14. Qb3 Qe7 15.
Ngf3 Qf8 16. Nxe5 Bxe5 17. dxe5 Nxe5 18. a5 c4 19. Qc2 Nd3 20. Reb1 Bd5 21. b3
Qc5 22. bxc4 Bxc4 23. Bf6 b5 24. Bd4 Qd5 25. Nxc4 Qxc4 26. Qd1 a6 27. Qg4 Rad8
28. Qg5 Rd6 29. h4 Qe6 30. Rf1 f6 31. Qg3 f5 32. h5 Qe7 33. Rad1 Re6 34. f3 Qd6
1/2-1/2

[Event "ZMDI-Open 2013"]
[Site "Dresden"]
[Date "2013.08.11"]
[Round "2"]
[White "Pietzsch, M."]
[Black "Klaus, J."]
[Result "1-0"]
[WhiteElo "2086"]
[BlackElo "1916"]
[PlyCount "67"]
[EventDate "2013.??.??"]

1. e4 c6 2. d4 d5 3. exd5 cxd5 4. c4 Nf6 5. Nc3 g6 6. Qb3 Bg7 7. cxd5 O-O 8. g3
Nbd7 9. Bg2 Nb6 10. Nge2 Bf5 11. O-O Qd7 12. Rd1 Rac8 13. Bf4 Rfd8 14. d6 exd6
15. d5 Qe7 16. Nd4 Bd7 17. Re1 Qf8 18. Ne6 fxe6 19. dxe6 Bxe6 20. Rxe6 Kh8 21.
Rd1 d5 22. Nxd5 Nfxd5 23. Bxd5 Qf5 24. Bf3 g5 25. Rxd8+ Rxd8 26. Be4 Qa5 27.
Be3 g4 28. Bxb6 axb6 29. Qxb6 Qe1+ 30. Kg2 Rf8 31. Qe3 Qb4 32. Rb6 Qa4 33. Rxb7
Qxa2 34. Rxg7 1-0

[Event "ZMDI-Open 2013"]
[Site "Dresden"]
[Date "2013.08.11"]
[Round "2"]
[White "Herrich, C."]
[Black "Schackmann, O."]
[Result "1-0"]
[WhiteElo "2080"]
[BlackElo "1903"]
[PlyCount "77"]
[EventDate "2013.??.??"]

1. e4 e5 2. Nf3 Nc6 3. Bb5 Nf6 4. d3 d6 5. c3 Be7 6. O-O Bd7 7. Re1 O-O 8. Nbd2
h6 9. Nf1 Re8 10. Ng3 Bf8 11. a4 a6 12. Bc4 Na5 13. Ba2 c5 14. Nh4 Be6 15. Nhf5
Bxa2 16. Rxa2 Nc6 17. f4 d5 18. fxe5 Nxe5 19. d4 cxd4 20. cxd4 Nc6 21. e5 Nd7
22. Qg4 Kh7 23. Rf1 Re6 24. Kh1 Nb6 25. b3 Rg6 26. Qh5 Qd7 27. a5 Nc8 28. Nh4
Re6 29. Rxf7 Qe8 30. Raf2 Bb4 31. Qf5+ Kh8 32. Ng6+ Kg8 33. Nf8 Rf6 34. Rxg7+
Kxg7 35. Qxf6+ Kg8 36. Bxh6 Bxf8 37. Bxf8 Qd7 38. Nf5 N8a7 39. Ne7+ 1-0

[Event "ZMDI-Open 2013"]
[Site "Dresden"]
[Date "2013.08.11"]
[Round "2"]
[White "Schöhl, G."]
[Black "Stahr, R."]
[Result "0-1"]
[WhiteElo "1909"]
[BlackElo "2079"]
[PlyCount "58"]
[EventDate "2013.??.??"]

1. Nf3 c5 2. c4 Nc6 3. g3 Nf6 4. Nc3 d5 5. cxd5 Nxd5 6. Bg2 e6 7. O-O Be7 8.
Nxd5 exd5 9. d4 cxd4 10. Nxd4 O-O 11. Be3 Ne5 12. Rc1 a6 13. Qb3 Nc4 14. Bf4
Bf6 15. Rfd1 g5 16. Bc7 Qxc7 17. Bxd5 Rd8 18. Rxc4 Qe7 19. e4 Bg4 20. f3 Be6
21. Rb4 Bxd5 22. exd5 Qc5 23. Kg2 Qxd5 24. Rd2 Rac8 25. Qd1 Qc5 26. a3 a5 27.
Nb3 Rxd2+ 28. Qxd2 Qc2 29. Rxb7 a4 0-1

[Event "ZMDI-Open 2013"]
[Site "Dresden"]
[Date "2013.08.11"]
[Round "2"]
[White "Glasewald, S."]
[Black "Schwarz, H."]
[Result "0-1"]
[WhiteElo "2075"]
[BlackElo "1905"]
[PlyCount "66"]
[EventDate "2013.??.??"]

1. d4 d5 2. Nc3 f5 3. Nf3 Nf6 4. Ne5 c6 5. e3 Nbd7 6. f3 g6 7. Bd3 Bg7 8. e4
fxe4 9. fxe4 Nxe5 10. dxe5 Ng4 11. exd5 O-O 12. Rf1 Rxf1+ 13. Bxf1 Qb6 14. Qe2
Bxe5 15. Bd2 Qxb2 16. Rb1 Qxc2 17. Rc1 Qf5 18. dxc6 bxc6 19. g3 Bd7 20. Bh3 h5
21. Nd1 Rf8 22. Bxg4 hxg4 23. Be3 Rf6 24. Bxa7 Re6 25. Ne3 Qe4 26. Rc4 Qb1+ 27.
Kf2 Qh1 28. Qd3 Qxh2+ 29. Ke1 Qxg3+ 30. Kd1 Rd6 31. Bd4 c5 32. Qb3 Kh7 33. Rxc5
Ba4 0-1

[Event "ZMDI-Open 2013"]
[Site "Dresden"]
[Date "2013.08.11"]
[Round "2"]
[White "Felger, K."]
[Black "Hartmann, T."]
[Result "1/2-1/2"]
[WhiteElo "1901"]
[BlackElo "2016"]
[PlyCount "45"]
[EventDate "2013.??.??"]

1. d4 Nf6 2. f4 c5 3. Nf3 e6 4. e3 d5 5. c3 c4 6. b3 b5 7. a4 Qa5 8. Bb2 Nc6 9.
Ne5 Nxe5 10. fxe5 Ne4 11. Qc1 Rb8 12. Be2 Bd7 13. O-O Qb6 14. Ba3 cxb3 15. Bxf8
Kxf8 16. a5 Qb7 17. Qa3+ b4 18. Qxb3 bxc3 19. Qa3+ Qb4 20. Bd3 Qxa3 21. Rxa3
Bb5 22. Bxb5 Rxb5 23. Nxc3 1/2-1/2

[Event "ZMDI-Open 2013"]
[Site "Dresden"]
[Date "2013.08.11"]
[Round "2"]
[White "Eilers, J."]
[Black "Siegl, D."]
[Result "1-0"]
[WhiteElo "2009"]
[BlackElo "1888"]
[PlyCount "120"]
[EventDate "2013.??.??"]

1. e4 c5 2. Nc3 Nc6 3. g3 d6 4. Bg2 Nf6 5. d3 g6 6. h3 Bg7 7. Be3 O-O 8. Qd2
Re8 9. Nge2 Qa5 10. O-O Bd7 11. a3 a6 12. f4 e5 13. fxe5 Nxe5 14. Bg5 Re6 15.
Nf4 Ree8 16. b4 cxb4 17. axb4 Nf3+ 18. Bxf3 Qxg5 19. Qg2 Ng4 20. Bxg4 Bxg4 21.
Ra5 Qd8 22. Ncd5 Bd7 23. c3 Bc6 24. h4 Bxd5 25. Nxd5 Rc8 26. Ra3 Rf8 27. Qf2 f5
28. Qa2 Kh8 29. exf5 Rxf5 30. Rxf5 gxf5 31. Qf2 Qf8 32. d4 Qf7 33. Qf3 Rf8 34.
Ra1 Qg6 35. Re1 Rf7 36. Re8+ Bf8 37. Kg2 Kg7 38. Nf4 Qg4 39. Qe3 Kg8 40. Qe6
Qd1 41. Qe3 Qg4 42. Ne6 Rf6 43. Nxf8 Rxf8 44. Qe6+ Kg7 45. Re7+ Kh8 46. Qxd6 f4
47. Qe5+ Kg8 48. Qe6+ Qxe6 49. Rxe6 fxg3 50. Kxg3 Rc8 51. Re3 Kf7 52. Kf4 Rc6
53. Ke4 b5 54. Kd5 Rc4 55. h5 Kf6 56. Re6+ Kg5 57. Rc6 Kxh5 58. Rxc4 bxc4 59.
Ke6 Kg5 60. d5 h5 1-0

[Event "ZMDI-Open 2013"]
[Site "Dresden"]
[Date "2013.08.11"]
[Round "2"]
[White "Wolf, A."]
[Black "Schlegel, K."]
[Result "1-0"]
[WhiteElo "1988"]
[BlackElo "1749"]
[PlyCount "87"]
[EventDate "2013.??.??"]

1. d4 Nf6 2. c4 g6 3. Nc3 Bg7 4. e4 d6 5. f3 O-O 6. Be3 c5 7. Nge2 cxd4 8. Nxd4
Bd7 9. Qd2 Nc6 10. Be2 Qc7 11. Rc1 Rfc8 12. O-O a6 13. Nd5 Qd8 14. Nxc6 Rxc6
15. b4 Rac8 16. a4 b5 17. axb5 axb5 18. cxb5 Rxc1 19. Nxf6+ Bxf6 20. Rxc1 Rxc1+
21. Qxc1 Qc8 22. Qxc8+ Bxc8 23. Bc4 e6 24. b6 Kf8 25. g4 Bb7 26. Kf2 Ke7 27.
Ke2 d5 28. Bc5+ Kd8 29. exd5 exd5 30. Bb5 d4 31. f4 g5 32. fxg5 Bxg5 33. Bxd4
Bf4 34. h4 Ke7 35. Bc5+ Ke6 36. Bc4+ Bd5 37. Kd3 Bg3 38. b5 Bxc4+ 39. Kxc4 Kd7
40. h5 Be1 41. Kd5 Bg3 42. Bd4 Bd6 43. Be5 Bb4 44. b7 1-0

[Event "ZMDI-Open 2013"]
[Site "Dresden"]
[Date "2013.08.11"]
[Round "2"]
[White "Herbrig, A."]
[Black "Barlage, T."]
[Result "1-0"]
[WhiteElo "1766"]
[BlackElo "1974"]
[PlyCount "77"]
[EventDate "2013.??.??"]

1. e4 c6 2. d4 d5 3. Nc3 dxe4 4. Nxe4 Bf5 5. Ng3 Bg6 6. h4 h6 7. Nf3 Nd7 8. h5
Bh7 9. Bd3 Bxd3 10. Qxd3 e6 11. Bd2 Ngf6 12. O-O-O Be7 13. Ne4 Qc7 14. Kb1
O-O-O 15. c4 c5 16. Bc3 cxd4 17. Nxd4 Nc5 18. Nxc5 Qxc5 19. Qf3 Kb8 20. Nb5 a6
21. Qf4+ Kc8 22. Bb4 Rxd1+ 23. Rxd1 Nxh5 24. Qxf7 Qf5+ 25. Qxf5 exf5 26. Bxe7
axb5 27. cxb5 Re8 28. Bb4 Re2 29. Ba5 Re8 30. Rd5 Kb8 31. Rc5 g6 32. Bc3 b6 33.
Re5 Rxe5 34. Bxe5+ Kc8 35. b4 g5 36. g3 g4 37. a4 f4 38. a5 fxg3 39. fxg3 1-0

[Event "ZMDI-Open 2013"]
[Site "Dresden"]
[Date "2013.08.11"]
[Round "2"]
[White "Sturm, F."]
[Black "Udet, F."]
[Result "1-0"]
[WhiteElo "1962"]
[BlackElo "1711"]
[PlyCount "131"]
[EventDate "2013.??.??"]

1. d4 d5 2. c4 Nc6 3. Nf3 Bg4 4. Nc3 Bxf3 5. gxf3 e6 6. cxd5 exd5 7. Bf4 Nf6 8.
a3 a6 9. e3 Nh5 10. Bg3 Nxg3 11. hxg3 Ne7 12. Qb3 Rb8 13. Bd3 g6 14. Rc1 Bg7
15. Na4 b5 16. Nc5 Rb6 17. O-O c6 18. Qd1 O-O 19. b4 Qc7 20. Re1 Ra8 21. Nb3
Qd6 22. Bf1 f5 23. f4 Qf6 24. Re2 Rd8 25. Rec2 Rd7 26. Nc5 Rc7 27. Nd3 Qe6 28.
Ne5 g5 29. Qh5 g4 30. Bd3 Bxe5 31. fxe5 Qg6 32. Qh4 Kf7 33. Kg2 h5 34. Rh1 Ra7
35. Qxh5 Qxh5 36. Rxh5 Kg6 37. Rh8 a5 38. Rb2 axb4 39. axb4 Rba6 40. Bb1 Ra3
41. Re8 Kf7 42. Rh8 Kg6 43. Rh1 Ra1 44. Bc2 Rxh1 45. Kxh1 Ra3 46. Kg2 Kg5 47.
Kf1 Nc8 48. Ke1 Ne7 49. Rb3 Ra1+ 50. Bb1 Ra4 51. Kd2 Nc8 52. Kc3 Ra7 53. Rb2
Ne7 54. Ra2 Rxa2 55. Bxa2 Kg6 56. Bb3 Kg5 57. Bd1 Ng8 58. Kd3 Nh6 59. f3 Kg6
60. fxg4 fxg4 61. Ke2 Kf5 62. Bc2+ Ke6 63. Bg6 Nf7 64. Bxf7+ Kxf7 65. e4 Ke6
66. Ke3 1-0

[Event "ZMDI-Open 2013"]
[Site "Dresden"]
[Date "2013.08.11"]
[Round "2"]
[White "Schnoor, F."]
[Black "Pössel, C."]
[Result "0-1"]
[WhiteElo "1748"]
[BlackElo "1956"]
[PlyCount "68"]
[EventDate "2013.??.??"]

1. e4 e6 2. d4 d5 3. Nc3 Nf6 4. e5 Nfd7 5. f4 c5 6. Nf3 Nc6 7. Be3 a6 8. Qd2 b5
9. a3 Qa5 10. g3 b4 11. Ne2 bxa3 12. bxa3 Qxd2+ 13. Nxd2 a5 14. Bg2 cxd4 15.
Nxd4 Nxd4 16. Bxd4 Rb8 17. c4 dxc4 18. Nxc4 Ba6 19. Nxa5 Bc5 20. Bc3 O-O 21.
Bb4 Bxb4+ 22. axb4 Rxb4 23. Nc6 Rb2 24. Rxa6 Rxg2 25. Ne7+ Kh8 26. Rc6 g6 27.
Rc8 Rxc8 28. Nxc8 Rc2 29. O-O Rxc8 30. Kg2 Nb6 31. g4 Nd5 32. Rf3 Rc2+ 33. Kg3
Rc3 34. Rxc3 Nxc3 0-1

[Event "ZMDI-Open 2013"]
[Site "Dresden"]
[Date "2013.08.11"]
[Round "2"]
[White "Nixdorf, A."]
[Black "Bui, H."]
[Result "1-0"]
[WhiteElo "1933"]
[BlackElo "1632"]
[PlyCount "85"]
[EventDate "2013.??.??"]

1. e4 d5 2. exd5 Qxd5 3. Nc3 Qa5 4. d4 c6 5. Nf3 Bf5 6. Bc4 Nf6 7. Bd2 e6 8.
Nd5 Qd8 9. Nxf6+ gxf6 10. O-O Bd6 11. Re1 Nd7 12. Bb3 Nb6 13. Nh4 Bg6 14. Qf3
Be7 15. g3 Qd7 16. Rad1 O-O-O 17. Ba5 Rdg8 18. c4 Rf8 19. d5 e5 20. d6 Bd8 21.
c5 Na8 22. Bxd8 Qxd8 23. Nf5 Bxf5 24. Qxf5+ Kb8 25. Re4 b6 26. cxb6 Nxb6 27.
Rb4 a5 28. Rh4 Nc8 29. Qf3 Kb7 30. Ba4 Na7 31. Rc4 Qd7 32. Qc3 Kb6 33. Rc5 Rc8
34. Qxa5+ Kb7 35. Rd3 Ka8 36. Qd2 h5 37. Kg2 Rhd8 38. Ra5 h4 39. Qe3 hxg3 40.
fxg3 Rh8 41. Qf2 Rh5 42. Bd1 Rf5 43. Rxa7+ 1-0

[Event "ZMDI-Open 2013"]
[Site "Dresden"]
[Date "2013.08.11"]
[Round "2"]
[White "Koenig, J."]
[Black "Keeve, M."]
[Result "1/2-1/2"]
[WhiteElo "1705"]
[BlackElo "1932"]
[PlyCount "77"]
[EventDate "2013.??.??"]

1. d4 d5 2. Nf3 Nf6 3. Bg5 Nbd7 4. e3 c6 5. c3 Ne4 6. Bf4 Ndf6 7. Bd3 Bg4 8.
Be2 e6 9. Nbd2 Be7 10. O-O O-O 11. Ne5 Bxe2 12. Qxe2 Nxd2 13. Qxd2 Rc8 14. Qd1
Qb6 15. Qc2 c5 16. a4 cxd4 17. exd4 Qxd4 18. Qxh7+ Kxh7 19. cxd4 Kg8 20. Rac1
Rfd8 21. Rxc8 Rxc8 22. Rc1 Rxc1+ 23. Bxc1 Kf8 24. Bg5 Ke8 25. f3 Nd7 26. Bxe7
Nxe5 27. Bg5 Nc4 28. b3 Na5 29. b4 Nc6 30. b5 Nxd4 31. Be3 Ne2+ 32. Kf2 Nc3 33.
Bd4 Nxa4 34. Bxg7 b6 35. h4 Ke7 36. Be5 f6 37. Bb8 Nc3 38. Bxa7 Nxb5 39. Bxb6
1/2-1/2

[Event "ZMDI-Open 2013"]
[Site "Dresden"]
[Date "2013.08.11"]
[Round "2"]
[White "Nachtkamp, H."]
[Black "Würsig, M."]
[Result "1-0"]
[WhiteElo "2086"]
[BlackElo "1819"]
[PlyCount "59"]
[EventDate "2013.??.??"]

1. d4 Nf6 2. Nf3 g6 3. c4 d6 4. Nc3 Bg7 5. e3 O-O 6. Be2 Nbd7 7. O-O b6 8. Qc2
Bb7 9. Rb1 Re8 10. Rd1 Qc8 11. b4 a6 12. a4 c5 13. bxc5 dxc5 14. d5 Qc7 15. e4
Rab8 16. h3 Bc8 17. Be3 Rb7 18. Rb3 h6 19. Qc1 Kh7 20. Bf4 Qd8 21. e5 Nh5 22.
Bh2 f5 23. g4 fxg4 24. hxg4 Nxe5 25. gxh5 Ng4 26. hxg6+ Kh8 27. Bg3 Qd7 28. Ne5
Nxe5 29. Bxe5 Qf5 30. Qxh6+ 1-0

[Event "ZMDI-Open 2013"]
[Site "Dresden"]
[Date "2013.08.11"]
[Round "2"]
[White "Dümmke, J."]
[Black "Osterloh, F."]
[Result "1/2-1/2"]
[WhiteElo "2028"]
[BlackElo "1752"]
[PlyCount "44"]
[EventDate "2013.??.??"]

1. e4 d6 2. d4 Nf6 3. Nc3 e5 4. Nf3 exd4 5. Nxd4 Be7 6. Be2 Nc6 7. Be3 O-O 8.
O-O Re8 9. f4 Bf8 10. Bf3 Ne7 11. Re1 Ng6 12. g3 Bh3 13. Bf2 Qd7 14. Kh1 Bg4
15. Nd5 Bxf3+ 16. Qxf3 Nxd5 17. exd5 Re7 18. Rxe7 Bxe7 19. Re1 Bf6 20. Kg2 Re8
21. Re4 a6 22. c4 Kf8 1/2-1/2

[Event "ZMDI-Open 2013"]
[Site "Dresden"]
[Date "2013.08.11"]
[Round "2"]
[White "Enache, R."]
[Black "Kießling, A."]
[Result "1-0"]
[WhiteElo "1696"]
[BlackElo "1995"]
[PlyCount "95"]
[EventDate "2013.??.??"]

1. e4 c5 2. Nf3 d6 3. d4 cxd4 4. Nxd4 Nf6 5. Nc3 a6 6. Be3 e6 7. f4 Qc7 8. Be2
b5 9. Bf3 Bb7 10. O-O b4 11. Nce2 Nxe4 12. Bxe4 Bxe4 13. Ng3 Bb7 14. Re1 Nd7
15. Qd2 d5 16. Nf3 Bc5 17. Kh1 O-O 18. f5 Rae8 19. Bxc5 Qxc5 20. a3 bxa3 21.
Rxa3 e5 22. Rc3 Qa5 23. Nh5 f6 24. Qf2 d4 25. Qg3 Re7 26. Nxd4 Bd5 27. Nc6 Bxc6
28. Rxc6 Qb5 29. Re6 Ref7 30. h3 Qxb2 31. Re4 Qxc2 32. Rg4 Qc1+ 33. Kh2 Qh6 34.
Rh4 Qg5 35. Nxf6+ gxf6 36. Rg4 Rg7 37. Rxg5 Rxg5 38. Qh4 h5 39. Qc4 Kh8 40.
Rxa6 Rfg8 41. Ra2 R8g7 42. Qc6 Kh7 43. Ra7 Nf8 44. Rxg7+ Kxg7 45. Qe4 Nh7 46.
g4 hxg4 47. h4 g3+ 48. Kg2 1-0

[Event "ZMDI-Open 2013"]
[Site "Dresden"]
[Date "2013.08.11"]
[Round "2"]
[White "Neffe, G."]
[Black "Sauer, E."]
[Result "0-1"]
[WhiteElo "1634"]
[BlackElo "1901"]
[PlyCount "42"]
[EventDate "2013.??.??"]

1. Nf3 Nf6 2. c4 g6 3. Nc3 d5 4. cxd5 Nxd5 5. e3 Bg7 6. d4 O-O 7. Qd2 c5 8. Bc4
Nxc3 9. bxc3 Qc7 10. Bb2 cxd4 11. Bb3 dxc3 12. Qc2 cxb2 13. Rb1 Qxc2 14. Bxc2
Nc6 15. O-O Be6 16. Bb3 Bf5 17. Nd2 Bxb1 18. Rxb1 Na5 19. f4 Rfd8 20. Nc4 Nxc4
21. Bxc4 Rac8 0-1

[Event "ZMDI-Open 2013"]
[Site "Dresden"]
[Date "2013.08.11"]
[Round "2"]
[White "Altstadt, K."]
[Black "Biastoch, B."]
[Result "0-1"]
[WhiteElo "1815"]
[BlackElo "1640"]
[PlyCount "114"]
[EventDate "2013.??.??"]

1. e4 c5 2. Nf3 d6 3. d4 cxd4 4. Nxd4 Nf6 5. Nc3 a6 6. Bg5 e6 7. f4 b5 8. Qf3
Bb7 9. O-O-O Nbd7 10. g4 Nc5 11. Bxf6 gxf6 12. Bd3 Rc8 13. Kb1 Na4 14. Nxa4
bxa4 15. Qe2 Qb6 16. Rhf1 Rb8 17. c3 Bc8 18. Rd2 Bh6 19. h4 e5 20. Nf5 Bxf4 21.
Rxf4 exf4 22. Nxd6+ Ke7 23. e5 Qg1+ 24. Rd1 Qe3 25. Bxa6 Qxe2 26. exf6+ Kxf6
27. Bxe2 Ke7 28. Rd4 a3 29. b4 Rd8 30. Nxc8+ Rdxc8 31. Kc2 Rc7 32. Rxf4 f6 33.
Kb3 Ra7 34. b5 Rd8 35. Ra4 Rxa4 36. Kxa4 Rd2 37. Bc4 Kd6 38. Kxa3 Rg2 39. b6
Rxg4 40. Kb4 Kc6 41. a4 Kxb6 42. a5+ Kc6 43. h5 Rh4 44. h6 f5 45. Kb3 Rxh6 46.
Bd3 Rf6 47. Kb4 h5 48. Bb5+ Kb7 49. Kc5 h4 50. Bf1 Ra6 51. Bg2+ Ka7 52. Kb5 Rg6
53. Bh3 Rg5 54. c4 f4+ 55. c5 f3 56. Kc6 f2 57. Kd6 Rg1 0-1

[Event "ZMDI-Open 2013"]
[Site "Dresden"]
[Date "2013.08.11"]
[Round "2"]
[White "Scholz, R."]
[Black "Bolshakov, K."]
[Result "1-0"]
[WhiteElo "1879"]
[BlackElo "1681"]
[PlyCount "59"]
[EventDate "2013.??.??"]

1. e4 e5 2. Nf3 Nc6 3. Bc4 Bc5 4. c3 Nf6 5. d3 a6 6. Bb3 Ba7 7. h3 d6 8. Nbd2
O-O 9. Nf1 h6 10. g4 Be6 11. Bc2 d5 12. Qe2 dxe4 13. dxe4 b5 14. Nh4 Qd7 15.
Ng3 Rfd8 16. Nhf5 Bc4 17. Qf3 b4 18. Nxh6+ Kf8 19. Bg5 bxc3 20. bxc3 Rab8 21.
Nhf5 Rb2 22. Rc1 Bd3 23. Nxg7 Rxc2 24. Rxc2 Bxc2 25. O-O Qd3 26. Ne6+ Kg8 27.
Qxd3 Rxd3 28. Kg2 Nh7 29. Rc1 Rd2 30. Bxd2 1-0

[Event "ZMDI-Open 2013"]
[Site "Dresden"]
[Date "2013.08.11"]
[Round "2"]
[White "Thuma, H."]
[Black "Mäder, J."]
[Result "1/2-1/2"]
[WhiteElo "1774"]
[BlackElo "1855"]
[PlyCount "75"]
[EventDate "2013.??.??"]

1. e4 c5 2. Nf3 d6 3. d4 cxd4 4. Nxd4 Nf6 5. Nc3 a6 6. Be2 e5 7. Nb3 Be6 8. Be3
Nbd7 9. O-O Be7 10. Bf3 Rc8 11. Qd2 O-O 12. Rfd1 Qc7 13. Rac1 b5 14. h3 Nb6 15.
Bxb6 Qxb6 16. Nd5 Nxd5 17. exd5 Bf5 18. c3 Bg6 19. Qe2 Bg5 20. Ra1 Rc4 21. Nd2
Bxd2 22. Qxd2 Rfc8 23. Rac1 Qb7 24. Be2 R4c5 25. f3 f6 26. f4 Bf7 27. Bf3 b4
28. fxe5 fxe5 29. Qe2 a5 30. Bg4 Rf8 31. c4 Re8 32. b3 Re7 33. Qd2 e4 34. Qe3
Re5 35. h4 Qe7 36. g3 h6 37. Kh2 Qe8 38. Rf1 1/2-1/2

[Event "ZMDI-Open 2013"]
[Site "Dresden"]
[Date "2013.08.11"]
[Round "2"]
[White "Reiche, N."]
[Black "Weißpflog, J."]
[Result "1/2-1/2"]
[WhiteElo "1767"]
[BlackElo "2037"]
[PlyCount "145"]
[EventDate "2013.??.??"]

1. e4 d6 2. d4 g6 3. Bc4 Nd7 4. Nf3 c5 5. c3 Bg7 6. O-O Ngf6 7. Re1 O-O 8. e5
Ne8 9. e6 fxe6 10. Bxe6+ Kh8 11. Ng5 Nef6 12. Nf7+ Rxf7 13. Bxf7 e5 14. dxe5
dxe5 15. Be6 Qe7 16. Bxd7 Bxd7 17. Bg5 Bc6 18. Qe2 h6 19. Bxf6 Qxf6 20. Nd2 Rf8
21. f3 h5 22. Ne4 Qe7 23. Qd2 Rd8 24. Qg5 Qxg5 25. Nxg5 Rd2 26. Rab1 Bd5 27.
Ne4 Rc2 28. Nxc5 Bxa2 29. Ra1 Rxb2 30. Nxb7 e4 31. Rxe4 Bxc3 32. Nc5 Rd2 33.
Re8+ Kg7 34. Ne4 Bd4+ 35. Kh1 Rc2 36. Re1 Bb3 37. Nd6 a5 38. Nb5 Bc5 39. R8e2
Rc4 40. Re4 Rc2 41. Nd4 Bxd4 42. Rxd4 a4 43. Ra1 a3 44. Rd3 Rb2 45. Kg1 a2 46.
Rxb3 Rxb3 47. Rxa2 Kf6 48. Kf2 Kg5 49. Ra5+ Kf6 50. Kg3 Rc3 51. h4 Rb3 52. Ra4
Rb2 53. Rf4+ Ke5 54. Rf8 Rb3 55. Kh3 Rb4 56. g4 hxg4+ 57. fxg4 Rb3+ 58. Kg2
Rb2+ 59. Kg3 Rb1 60. h5 gxh5 61. gxh5 Ke6 62. Kg4 Rg1+ 63. Kh4 Ke7 64. Rf4 Rg7
65. h6 Rf7 66. Ra4 Rf1 67. h7 Rh1+ 68. Kg5 Kf7 69. Ra7+ Kf8 70. Kg6 Rg1+ 71.
Kf6 Rf1+ 72. Ke6 Re1+ 73. Kf6 1/2-1/2

[Event "ZMDI-Open 2013"]
[Site "Dresden"]
[Date "2013.08.11"]
[Round "2"]
[White "Klein, G."]
[Black "Wong, G."]
[Result "1/2-1/2"]
[WhiteElo "1953"]
[BlackElo "1766"]
[PlyCount "51"]
[EventDate "2013.??.??"]

1. Nf3 Nf6 2. c4 g6 3. Nc3 d5 4. Qa4+ c6 5. cxd5 Nxd5 6. e4 Nxc3 7. dxc3 Bg7 8.
Be2 O-O 9. O-O Nd7 10. Rd1 Qc7 11. Be3 Nb6 12. Qc2 Be6 13. Bd4 Bc4 14. Bxg7
Kxg7 15. b3 Bxe2 16. Qxe2 Rfd8 17. c4 Nd7 18. h4 Nc5 19. e5 Ne6 20. Qe3 h5 21.
Ng5 Nf8 22. Qf3 f6 23. exf6+ exf6 24. Qc3 Re8 25. Re1 Rad8 26. Nf3 1/2-1/2

[Event "ZMDI-Open 2013"]
[Site "Dresden"]
[Date "2013.08.11"]
[Round "2"]
[White "Niemann, S."]
[Black "Kühnast, V."]
[Result "1/2-1/2"]
[WhiteElo "1760"]
[BlackElo "1936"]
[PlyCount "35"]
[EventDate "2013.??.??"]

1. e4 g6 2. d4 Bg7 3. c3 d6 4. Nf3 e5 5. dxe5 dxe5 6. Qxd8+ Kxd8 7. Bc4 Ke8 8.
Be3 Bg4 9. Nbd2 Nc6 10. h3 Bxf3 11. Nxf3 f6 12. O-O-O Bh6 13. Bxh6 Nxh6 14. Bb5
Ke7 15. Bxc6 bxc6 16. Rd2 Rhd8 17. Rhd1 Rd6 18. g4 1/2-1/2

[Event "ZMDI-Open 2013"]
[Site "Dresden"]
[Date "2013.08.11"]
[Round "2"]
[White "Mühle, H."]
[Black "Wiewesiek, T."]
[Result "1-0"]
[WhiteElo "1927"]
[BlackElo "1704"]
[PlyCount "73"]
[EventDate "2013.??.??"]

1. e4 c6 2. Nf3 d5 3. exd5 cxd5 4. d4 Nf6 5. Nc3 Bg4 6. Be2 e6 7. Ne5 Bxe2 8.
Qxe2 Nbd7 9. Bg5 a6 10. Nxd7 Qxd7 11. Bxf6 gxf6 12. O-O-O O-O-O 13. Rd3 Kb8 14.
Rh3 Rc8 15. Kb1 Qc7 16. Rc1 Qb6 17. Qd3 Rc4 18. Ne2 a5 19. Ka1 f5 20. Qg3+ Bd6
21. Qg7 Rhc8 22. c3 Rxd4 23. Kb1 Qb5 24. Rc2 Rc6 25. Qg8+ Ka7 26. Qe8 Qa6 27.
Rxh7 Rb4 28. Rh8 Qd3 29. Nc1 Qe4 30. Qa8+ Kb6 31. f3 Qe1 32. cxb4 axb4 33.
Rxc6+ bxc6 34. Rc8 Bc7 35. Qa4 Kb7 36. Ra8 Bb8 37. Ra6 1-0

[Event "ZMDI-Open 2013"]
[Site "Dresden"]
[Date "2013.08.11"]
[Round "2"]
[White "Nobis, A."]
[Black "Leimeister, W."]
[Result "1-0"]
[WhiteElo "1759"]
[BlackElo "1920"]
[PlyCount "69"]
[EventDate "2013.??.??"]

1. e4 c5 2. Nf3 g6 3. d4 cxd4 4. Nxd4 Bg7 5. Nc3 Nc6 6. Be3 Nf6 7. Bc4 O-O 8.
Bb3 Na5 9. f3 a6 10. Qd2 b5 11. e5 Ne8 12. f4 Bb7 13. O-O-O Nc4 14. Bxc4 bxc4
15. h4 h5 16. Rhg1 f5 17. Ne6 Qc8 18. Nxf8 Bxf8 19. Qxd7 e6 20. Qd4 Qc6 21. Qb6
Nc7 22. Rd2 Qxb6 23. Bxb6 Nd5 24. Nxd5 Bxd5 25. Rgd1 Rb8 26. Bc7 Rb7 27. Bd6
Rb5 28. Bxf8 Kxf8 29. b3 Rc5 30. Rd4 Ke7 31. bxc4 Rxc4 32. Rxc4 Bxc4 33. Kb2
Bd5 34. g3 Kd7 35. c4 1-0

[Event "ZMDI-Open 2013"]
[Site "Dresden"]
[Date "2013.08.11"]
[Round "2"]
[White "Zienert, R."]
[Black "Herbrig, M."]
[Result "1-0"]
[WhiteElo "1845"]
[BlackElo "1687"]
[PlyCount "127"]
[EventDate "2013.??.??"]

1. e4 c5 2. Nf3 Nc6 3. d4 cxd4 4. Nxd4 Qc7 5. Nc3 Nf6 6. Bg5 Nxe4 7. Nxe4 Qe5
8. Bd3 Qxd4 9. c3 Qb6 10. Qe2 e6 11. O-O d5 12. Nf6+ gxf6 13. Bxf6 Rg8 14. Bxh7
Rg7 15. Bxg7 Bxg7 16. Rad1 Be5 17. Qg4 Ne7 18. Rfe1 Qc7 19. Qh5 Bd6 20. Bc2 b5
21. Bb3 Bb7 22. Rxe6 O-O-O 23. Rh6 f5 24. Rh7 Qc5 25. Qf7 Bc6 26. Re1 Rd7 27.
Bc2 d4 28. Bb3 Kb7 29. cxd4 Qxd4 30. Qg7 Qxg7 31. Rxg7 a5 32. h4 a4 33. Be6 Rc7
34. h5 Bf4 35. Rh7 Be4 36. g3 Bd2 37. Rd1 Bf3 38. Rb1 Kb6 39. b3 a3 40. h6 Kc6
41. Bxf5 Kd6 42. Rf7 Bxh6 43. Bd3 Bd5 44. Rf6+ Ke5 45. Rxh6 b4 46. Rh4 Nc6 47.
Re1+ Kf6 48. Bb5 Ne5 49. Rf4+ Ke6 50. Rxb4 Kd6 51. Be2 Rc2 52. f4 Nc6 53. Ra4
Rxa2 54. b4 Nd4 55. Ra6+ Kc7 56. Bg4 Rg2+ 57. Kf1 Rxg3 58. Re7+ Kb8 59. Rf6
Bc4+ 60. Kf2 Ne6 61. Kxg3 a2 62. Bxe6 Bxe6 63. Rf8+ Bc8 64. Rxc8+ 1-0